The pearl (Record no. 10851)

000 -LEADER
fixed length control field 00371 a2200157 4500
020 ## - INTERNATIONAL STANDARD BOOK NUMBER
International Standard Book Number 9780141332918
082 ## - DEWEY DECIMAL CLASSIFICATION NUMBER
Classification number 813.52
090 ## - LOCALLY ASSIGNED LC-TYPE CALL NUMBER (OCLC); LOCAL CALL NUMBER (RLIN)
-- 7043
-- 7043
100 ## - MAIN ENTRY--PERSONAL NAME
Personal name Steinbeck, John
245 ## - TITLE STATEMENT
Title The pearl
Statement of responsibility, etc. John Steinbeck
260 ## - PUBLICATION, DISTRIBUTION, ETC.
Place of publication, distribution, etc. USA
Name of publisher, distributor, etc. Penguin Group
Date of publication, distribution, etc. 2011
300 ## - PHYSICAL DESCRIPTION
Extent 118 p
650 ## - SUBJECT ADDED ENTRY--TOPICAL TERM
Topical term or geographic name entry element Pearl divers--Fictions
700 ## - ADDED ENTRY--PERSONAL NAME
Personal name John Steinbeck
942 ## - ADDED ENTRY ELEMENTS (KOHA)
Koha item type Book
Call number prefix 813.52 STE
Holdings
Withdrawn status Lost status Damaged status Not for loan Collection code Permanent Location Current Location Shelving location Date acquired Source of acquisition Cost, normal purchase price Total Checkouts Full call number Barcode Date last seen Date last checked out Price effective from Koha item type
          Central Library (CL) Central Library (CL) General Stacks 04/19/2012 Eagle Information Marketing 749.46 11 813.52 STE SEECS011211 08/28/2024 08/16/2024 01/05/2017 Book
© 2023 Central Library, National University of Sciences and Technology. All Rights Reserved.